[Event "CZE-chT2D 2223"]
[Site "Czech Republic"]
[Date "2022.12.18"]
[Round "5.3"]
[White "Prax, Ivo"]
[Black "Jirsa, Lukas"]
[Result "0-1"]
[WhiteElo "1998"]
[BlackElo "2008"]
[PlyCount "73"]
[EventDate "2022.10.16"]
[EventType "team-tourn"]
[EventRounds "11"]
[EventCountry "CZE"]
[SourceTitle "EXT 2024"]
[Source "ChessBase"]
[SourceDate "2023.10.10"]
[SourceVersion "1"]
[SourceVersionDate "2023.10.10"]
[SourceQuality "1"]
[WhiteTeam "Usti nad Orlici"]
[BlackTeam "Vysoke Myto"]
[WhiteTeamCountry "CZE"]
[BlackTeamCountry "CZE"]

1. e4 e6 2. d4 d5 3. exd5 exd5 4. Nf3 Nf6 5. h3 Bf5 6. Bd3 Bxd3 7. Qxd3 Bd6 8. Qb5+ Nbd7 9. Qxb7 Qe7+ 10. Kf1 0-0 11. Nc3 Rfe8 12. Qa6 h6 13. Bd2 Nb6 14. b3 Ne4 15. Qd3 c5 16. Re1 f5 17. dxc5 Bxc5 18. Re2 Rad8 19. g3 d4 20. Nd1 Nxd2+ 21. Nxd2 Qb7 22. Nf3 Re4 23. Rh2 Rde8 24. Ng1 Rxe2 25. Nxe2 Qe7 26. f3 Qe5 27. c3 dxc3 28. Ndxc3 Bb4 29. f4 Qc5 30. Qb5 Qe7 31. Nd5 Nxd5 32. Qxd5+ Kh8 33. Qxf5 Qe3 34. Qd5 Bc5 35. f5 Bb6 36. Qd1 Qf3+ 37. Ke1 0-1